[Event "GRE-chT 42nd"]
[Site "Porto Rio"]
[Date "2014.06.28"]
[Round "1.9"]
[White "Georgiadis, Nikitas"]
[Black "Stefanatos, Gerasimos"]
[Result "0-1"]
[WhiteElo "1541"]
[BlackElo "1545"]
[PlyCount "104"]
[EventDate "2014.06.28"]
[EventType "team-swiss"]
[EventRounds "7"]
[EventCountry "GRE"]
[SourceTitle "CBM 161 Extra"]
[Source "ChessBase"]
[SourceDate "2014.08.29"]
[SourceVersion "1"]
[SourceVersionDate "2014.08.29"]
[SourceQuality "1"]
[WhiteTeam "Pan GA"]
[BlackTeam "Patron CN"]
[WhiteTeamCountry "GRE"]
[BlackTeamCountry "GRE"]

1. Nf3 Nf6 2. g3 d5 3. Bg2 c6 4. d3 Bg4 5. 0-0 Nbd7 6. c4 e5 7. h3 Bh5 8. Nc3 d4 9. Ne4 Nxe4 10. dxe4 Be7 11. Ne1 0-0 12. Nd3 Qc7 13. Bd2 c5 14. f4 f6 15. f5 a6 16. a4 b6 17. g4 Bf7 18. b3 Rab8 19. h4 b5 20. Qc2 Rb7 21. Ra2 Nb8 22. axb5 axb5 23. Rfa1 bxc4 24. bxc4 Nc6 25. Kf2 Nb4 26. Bxb4 cxb4 27. Rb2 Qxc4 28. Qxc4 Bxc4 29. Rc1 Bf7 30. e3 b3 31. Ra1 Bc4 32. Bf1 Rbb8 33. Ra7 Bd8 34. Ra1 Be7 35. Ra7 Bd8 36. Ra1 Re8 37. Rc1 Bf7 38. Ra1 Be7 39. Ra7 Bf8 40. g5 Ra8 41. Rb7 Ba3 42. Rd2 Reb8 43. Rxb8+ Rxb8 44. Nb2 Bb4 45. Rd1 Bc3 46. Nc4 b2 47. Rb1 Rb4 48. Na3 Ba2 49. Rd1 b1Q 50. Nxb1 Rxb1 51. Bc4+ Kf8 52. Rxb1 Bxb1 0-1

[Event "Aegean op 36th"]
[Site "Aghios Kirykos"]
[Date "2013.07.17"]
[Round "6"]
[White "Georgiadis, Nikitas"]
[Black "Shishkin, Vadim"]
[Result "1-0"]
[WhiteElo "1535"]
[BlackElo "1796"]
[PlyCount "75"]
[EventDate "2013.07.15"]
[EventType "swiss"]
[EventRounds "9"]
[EventCountry "GRE"]
[SourceTitle "EXT 2014"]
[Source "ChessBase"]
[SourceDate "2013.11.20"]
[SourceVersion "1"]
[SourceVersionDate "2013.11.20"]
[SourceQuality "1"]

1. Nf3 Nf6 2. g3 d5 3. d4 e6 4. Bg2 c5 5. c3 Nc6 6. h3 Be7 7. Be3 Qb6 8. Qc2 Bd7 9. Nbd2 0-0 10. 0-0 Rfc8 11. Nb3 cxd4 12. Nfxd4 Nxd4 13. Bxd4 Qc7 14. Qd3 a6 15. f4 Bb5 16. Qe3 a5 17. a4 Bc6 18. f5 Bd7 19. fxe6 Bxe6 20. Kh1 Ne4 21. Bxe4 dxe4 22. Nd2 Bxh3 23. Rf2 f5 24. Rh2 Bg4 25. Bxg7 Kxg7 26. Qh6+ Kf7 27. Qxh7+ Ke6 28. Nxe4 Kd5 29. Qf7+ Kc6 30. Rh6+ Bd6 31. Rxd6+ Qxd6 32. Nxd6 Rh8+ 33. Kg2 Kxd6 34. Rd1+ Kc6 35. Qe6+ Kc7 36. Rd7+ Kb8 37. Qd6+ Ka7 38. Qc5+ 1-0

[Event "GRE-chT 40th"]
[Site "Achaia"]
[Date "2012.07.03"]
[Round "5.14"]
[White "Drakakis, Georgios"]
[Black "Georgiadis, Nikitas"]
[Result "1-0"]
[WhiteElo "1744"]
[BlackElo "1425"]
[PlyCount "65"]
[EventDate "2012.06.30"]
[EventType "team-swiss"]
[EventRounds "7"]
[EventCountry "GRE"]
[SourceTitle "CBM 149 Extra"]
[Source "ChessBase"]
[SourceDate "2012.08.24"]
[SourceVersion "1"]
[SourceVersionDate "2012.08.24"]
[SourceQuality "1"]
[WhiteTeam "Koropiou"]
[BlackTeam "Pan GA"]
[WhiteTeamCountry "GRE"]
[BlackTeamCountry "GRE"]

1. e4 c5 2. Nc3 Nc6 3. g3 g6 4. Bg2 Bg7 5. d3 d6 6. Be3 Bd7 7. f4 b6 8. Nf3 Rc8 9. 0-0 Nf6 10. h3 0-0 11. Rb1 a6 12. Qd2 Qc7 13. g4 e6 14. Nh4 Nd4 15. f5 exf5 16. gxf5 Bc6 17. Bh6 Rce8 18. Bxg7 Kxg7 19. Rf2 Qb7 20. Rbf1 Qe7 21. Nd1 Qe5 22. c3 Nb5 23. Ne3 d5 24. fxg6 fxg6 25. Nef5+ gxf5 26. Rxf5 Qe7 27. Qg5+ Kh8 28. Rxf6 Rxf6 29. Rxf6 Rf8 30. Qh6 Be8 31. Nf5 Qd7 32. Re6 dxe4 33. Qxf8# 1-0

[Event "GRE-chT 40th"]
[Site "Achaia"]
[Date "2012.07.02"]
[Round "4.12"]
[White "Georgiadis, Nikitas"]
[Black "Gouloutis, Nikolaos"]
[Result "0-1"]
[WhiteElo "1425"]
[BlackElo "1801"]
[PlyCount "116"]
[EventDate "2012.06.30"]
[EventType "team-swiss"]
[EventRounds "7"]
[EventCountry "GRE"]
[SourceTitle "CBM 149 Extra"]
[Source "ChessBase"]
[SourceDate "2012.08.24"]
[SourceVersion "1"]
[SourceVersionDate "2012.08.24"]
[SourceQuality "1"]
[WhiteTeam "Pan GA"]
[BlackTeam "Polichnis"]
[WhiteTeamCountry "GRE"]
[BlackTeamCountry "GRE"]

1. d4 Nf6 2. g3 g6 3. Bg2 Bg7 4. e4 d6 5. h3 0-0 6. Ne2 Nbd7 7. 0-0 e5 8. Nbc3 c6 9. a4 a5 10. Be3 Re8 11. Re1 Qc7 12. Qd2 exd4 13. Nxd4 Nc5 14. Bh6 Bxh6 15. Qxh6 Qb6 16. Qd2 Be6 17. b3 Rad8 18. Rad1 Kg7 19. Qc1 Bc8 20. Qa1 Kg8 21. Qc1 Nh5 22. g4 Ng7 23. Qf4 Nce6 24. Nxe6 Nxe6 25. Qg3 Qc5 26. e5 d5 27. Rd2 Qb4 28. Red1 Qf4 29. Qxf4 Nxf4 30. Re1 f6 31. Rdd1 fxe5 32. Kf1 Kf7 33. Kg1 h5 34. gxh5 gxh5 35. Kh2 Rg8 36. Bf1 Kf6 37. Ne2 Ng6 38. Ng3 h4 39. Ne2 Bf5 40. Rd2 Rd7 41. c3 Re7 42. b4 axb4 43. cxb4 Ra8 44. Ra2 Bd3 45. Nc1 Bxf1 46. Rxf1 Nf4 47. f3 Rg7 48. b5 cxb5 49. axb5 Rxa2+ 50. Nxa2 Rg2+ 51. Kh1 Rxa2 52. Rc1 Rb2 53. Rc7 Rxb5 54. Rh7 d4 55. Rxh4 d3 56. Rh6+ Kg5 57. Rd6 Rd5 58. Rxd5 Nxd5 0-1

[Event "Attica-ch U14 11"]
[Site "Athens"]
[Date "2010.12.26"]
[Round "3.8"]
[White "Alexiou, Dimitrios"]
[Black "Georgiadis, Nikitas"]
[Result "1-0"]
[WhiteElo "1622"]
[BlackElo "1502"]
[PlyCount "83"]
[EventDate "2010.12.23"]
[EventType "swiss"]
[EventRounds "7"]
[EventCountry "GRE"]
[SourceTitle "EXT 2024"]
[Source "ChessBase"]
[SourceDate "2023.10.10"]
[SourceVersion "1"]
[SourceVersionDate "2023.10.10"]
[SourceQuality "1"]

1. d4 Nf6 2. c4 g6 3. Nc3 Bg7 4. e4 d6 5. Nf3 0-0 6. Bd3 Bg4 7. Be3 Nbd7 8. h3 Bxf3 9. Qxf3 c6 10. 0-0 Rc8 11. Rac1 c5 12. d5 Rb8 13. Qe2 Ne5 14. Qd2 Nxd3 15. Qxd3 Nd7 16. Qd2 Ne5 17. b3 a6 18. Bh6 Qc7 19. Bxg7 Kxg7 20. Qb2 b6 21. Rcd1 Rfc8 22. f4 b5 23. cxb5 axb5 24. fxe5 dxe5 25. Qf2 Rf8 26. d6 exd6 27. Qf6+ Kg8 28. Nd5 Qd8 29. Ne7+ Qxe7 30. Qxe7 c4 31. Qxd6 cxb3 32. axb3 Rbd8 33. Qxd8 Rxd8 34. Rxd8+ Kg7 35. Rd5 f5 36. Rxe5 fxe4 37. Re7+ Kh6 38. g4 b4 39. h4 e3 40. Rff7 g5 41. h5 e2 42. Rxh7# 1-0

[Event "Nikea Fysiolatriko op-B 08th"]
[Site "Nikea"]
[Date "2010.06.20"]
[Round "4.1"]
[White "Georgiadis, Nikitas"]
[Black "Tsatsaronis, Dimitrios"]
[Result "1/2-1/2"]
[WhiteElo "1432"]
[BlackElo "1698"]
[PlyCount "81"]
[EventDate "2010.06.17"]
[EventType "swiss"]
[EventRounds "9"]
[EventCountry "GRE"]
[SourceTitle "EXT 2024"]
[Source "ChessBase"]
[SourceDate "2023.10.10"]
[SourceVersion "1"]
[SourceVersionDate "2023.10.10"]
[SourceQuality "1"]

1. d4 d5 2. c4 c6 3. Nc3 Nf6 4. Nf3 e6 5. Bf4 Nbd7 6. e3 Be7 7. Bd3 dxc4 8. Bxc4 Nb6 9. Bd3 Nbd5 10. Bg3 0-0 11. e4 Nb6 12. h3 c5 13. Bc2 cxd4 14. Qxd4 Qxd4 15. Nxd4 Bd7 16. Bb3 Bb4 17. f3 Rac8 18. Rc1 Nc4 19. Bxc4 Rxc4 20. Bf2 Rfc8 21. Kd2 e5 22. Nb3 Rd8 23. Ke2 Nh5 24. Nd5 Bb5 25. Ke3 Nf4 26. Nxf4 exf4+ 27. Kxf4 Bd6+ 28. Ke3 Rxc1 29. Rxc1 g5 30. g3 h5 31. h4 Be5 32. Rc5 Rd3+ 33. Ke2 Rxb3+ 34. Ke1 Rxb2 35. Rxe5 Re2+ 36. Kd1 Rxf2 37. Rxg5+ Kh7 38. Rxh5+ Kg6 39. Rxb5 Rxa2 40. Rxb7 a5 41. Ra7 1/2-1/2

[Event "Nikea Fysiolatriko op-B 08th"]
[Site "Nikea"]
[Date "2010.06.20"]
[Round "5.3"]
[White "Sakellarios, Stavros"]
[Black "Georgiadis, Nikitas"]
[Result "1/2-1/2"]
[WhiteElo "1514"]
[BlackElo "1432"]
[PlyCount "77"]
[EventDate "2010.06.17"]
[EventType "swiss"]
[EventRounds "9"]
[EventCountry "GRE"]
[SourceTitle "EXT 2024"]
[Source "ChessBase"]
[SourceDate "2023.10.10"]
[SourceVersion "1"]
[SourceVersionDate "2023.10.10"]
[SourceQuality "1"]

1. d4 d5 2. Bf4 Bf5 3. Nf3 c5 4. e3 Nc6 5. c3 e6 6. Nbd2 Nf6 7. Nh4 Bg4 8. Nhf3 Be7 9. Qb3 Qb6 10. Qxb6 axb6 11. Bb5 0-0 12. Bxc6 bxc6 13. Ne5 Rfc8 14. Nxg4 Nxg4 15. h3 Nf6 16. Nf3 Ne4 17. Nd2 f6 18. f3 Nd6 19. Kf2 Ra6 20. Rhg1 Rca8 21. a3 Nb5 22. Rgc1 c4 23. Nb1 g5 24. Bg3 h5 25. h4 Kf7 26. hxg5 fxg5 27. Be5 Bd6 28. Bxd6 Nxd6 29. Nd2 Kg6 30. Re1 Rf8 31. e4 Ra7 32. exd5 exd5 33. Re6+ Rf6 34. Rxf6+ Kxf6 35. Re1 Re7 36. Rxe7 Kxe7 37. Nf1 Kf6 38. Ne3 Nf5 39. Nc2 1/2-1/2